Ksiega ławnicza miasta Nowej Warszawy

Titel: Ksiega ławnicza miasta Nowej Warszawy / wydał Adam Wolff
Teil: 1. (1416 - 1485)
Beteiligt:
Veröffentlicht: Wrocław : Zakład Narodowy im. Ossolińskich ˜[u.a.]œ, 1960
Umfang: 309 S.
Format: Buch
Sprache: Polnisch; Latein
Schriftenreihe/
mehrbändiges Werk:
Ksiega ławnicza miasta Nowej Warszawy / wydał Adam Wolff ; 1
alle Bände anzeigen
Kein Bild verfügbar
X
Lokale Klassifikation: 36 8 W 1
alg: 12734577
001A    $03004:17-03-05 
001B    $01999:20-11-16 $t23:45:45.000 
001C    $03004:17-03-05 $t14:12:17.000 
001D    $03004:17-03-05 
001U    $0utf8 
001X    $00 
002@    $0Afr 
003@    $0127345779 
003O    $0614606895 $aOCoLC 
007A    $0127345779 $aHEB 
007T    $0Herdhh127345647+11=Bd. 1. 
010@    $apol $alat 
011@    $a1960 
021A    $a(1416 - 1485) 
028C    $#Wolff, Adam Tadeusz $#Wolff, Adamus $7101742894 $8Wolff, Adam$Z1899-1984 [Tp1] $9137460589 
033A    $pWrocław $nZakład Narodowy im. Ossolińskich {[u.a.] 
034D    $a309 S. 
036C    $aKsiega ławnicza miasta Nowej Warszawy $x11 $hwydał Adam Wolff $l1 
036D    $x11 $8Ksiega ławnicza miasta Nowej Warszawy / wydał Adam Wolff $9127345647 

lok: 12734577 24
101B    $017-03-05 $t14:12:17.000 
101C    $017-03-05 
145Z/01 $a36 8 W 1 
101U    $0utf8 

exp: 12734577 24 1 #EPN
201B/01 $017-03-05 $t14:12:17.000 
201C/01 $017-03-05 
203@/01 $0233240993 
208@/01 $a17-03-05 $br 
209A/01 $a36 VIII W 77 $du $f050 $h36 8 W 77 $x00 
209C/01 $a481 K 61 $h61 0481 K 
209G/01 $a70598744 $x00 
220C/01 $aost 
247C/01 $8358050-7 Marburg, Bibliothek des Herder-Instituts Marburg $9102600961 
201U/01 $0utf8 

lok: 12734577 78

exp: 12734577 78 1 #EPN
201B/01 $019-04-17 $t16:20:52.000 
201U/01 $0utf8 
203@/01 $079266700X 
208@/01 $a12-11-16 $be 
209A/01 $a/ $f000 $x00 
237A/01 $aweiterführende Signatur(en): Herder-Institut: 36 VIII W 77 
244Z/01 $2Trx $#Poola $#Lenkija $#Polija $#Polen Land $#Poland $#Lengyelország $#Poľsko $#Polsko $8--Trx--Polska$gkraj $x01 $9391345966 
244Z/01 $aGeschichte 1416-1485 $x02 
247C/01 $82080>Marburg/Lahn, Herder-Institut, Forschungsbibliothek, Bibliographieportal $9336309341
LEADER 00000cam a22000002cc4500
001 127345779
003 DE-603
005 20161120234545.0
007 tu
008 050317s1960 xx |||| | u00||u|pol c
035 |a (DE-599)HEB127345779 
035 |a (OCoLC)614606895 
040 |a DE-603  |b ger  |c DE-603  |d DE-603 
041 |a pol  |a lat 
245 0 0 |a Ksiega ławnicza miasta Nowej Warszawy  |n 1  |p (1416 - 1485)  |c wydał Adam Wolff 
264 1 |a Wrocław  |b Zakład Narodowy im. Ossolińskich ˜[u.a.]œ  |c 1960 
300 |a 309 S. 
700 1 |a Wolff, Adam  |d 1899-1984  |0 (DE-603)137460589  |0 (DE-588)101742894  |2 gnd 
773 0 8 |q 11  |w (DE-603)127345647 
924 0 |9 Mb 50  |a (DE-603)233240993  |b DE-Mb50  |c HES  |d c  |g 36 VIII W 77 
924 0 |9 2080  |a (DE-603)79266700X  |b DE-2080  |c HES  |d d  |g /